Hodnotenie kvality služieb medzinárodných osobných leteckých dopravcov bakalárska práca

Gespeichert in:
Bibliographische Detailangaben
1. Verfasser: Pásztorová, Orsolya
Körperschaft: Obchodná fakulta EU. Katedra služieb a cestovného ruchu - zrušené
Weitere Verfasser: Frasch, Alexander, 1992-
Format: Buch
Sprache:Slowakisch
Veröffentlicht: Bratislava 2020
Tags: Tag hinzufügen
Keine Tags, Fügen Sie das erste Tag hinzu!

MARC

LEADER 00000nbm a2200000 4500
001 0266554
005 20201202082015.7
041 0 |a slo 
044 |a SK 
245 1 0 |a Hodnotenie kvality služieb medzinárodných osobných leteckých dopravcov  |b bakalárska práca  |c Orsolya Pásztorová ; školiteľ: Alexander Frasch 
264 1 |a Bratislava  |c 2020 
300 |a 60 s. 
100 1 |a Pásztorová, Orsolya 
700 1 |a Frasch, Alexander, 1992- 
710 2 |a Obchodná fakulta EU. Katedra služieb a cestovného ruchu - zrušené